000 00504nam a2200169Ia 4500
008 240729s9999 xx 000 0 und d
022 _a2789-4274
245 0 _aMicrobes, Infection and Chemotherapy
260 _aPeru
260 _bUniversidad Nacional Hermilio Valdizán de Huánuco
650 _a Infectious and parasitic diseases
650 _a Internal medicine
650 _aMedicine
856 _uhttps://doaj.org/toc/851f3b6f9c2e4b8abe4559e3b38aabce
942 _2ddc
942 _cDOAJEJ
999 _c68160
_d68160
945 _a1
_bMadushi Gamage
_c1
_dMadushi Gamage